ARRUPE JESUIT UNIVERSITY

CORONAVIRUS -STOP THE SPREAD - CLEAN,DISINFECT,COVER

Christ in the Gospels of the ordinary Sundays : (Record no. 124305)

MARC details
000 -LEADER
fixed length control field 01026pam a2200265 a 4500
001 - CONTROL NUMBER
control field 4506902
003 - CONTROL NUMBER IDENTIFIER
control field ARRUPE
005 - DATE AND TIME OF LATEST TRANSACTION
control field 20160303122832.0
008 - FIXED-LENGTH DATA ELEMENTS--GENERAL INFORMATION
fixed length control field 980521s1998 mnu b 000 0 eng
010 ## - LIBRARY OF CONGRESS CONTROL NUMBER
LC control number 98025613
020 ## - INTERNATIONAL STANDARD BOOK NUMBER
International Standard Book Number 0814625428 (alk. paper)
040 ## - CATALOGING SOURCE
Original cataloging agency DLC
Transcribing agency DLC
Modifying agency DLC
050 00 - LIBRARY OF CONGRESS CALL NUMBER
Classification number BS2555.2
Item number .B73 1998
082 00 - DEWEY DECIMAL CLASSIFICATION NUMBER
Classification number 226/.06
Edition number 21
300 ## - PHYSICAL DESCRIPTION
Dimensions 22 cm.
100 1# - MAIN ENTRY--PERSONAL NAME
Personal name Brown, Raymond E.
Dates associated with a name 1928-1998.
9 (RLIN) 22724
245 10 - TITLE STATEMENT
Title Christ in the Gospels of the ordinary Sundays :
Remainder of title essays on the Gospel readings of the ordinary Sundays in the three-year liturgical cycle /
Statement of responsibility, etc Raymond E. Brown.
260 ## - PUBLICATION, DISTRIBUTION, ETC. (IMPRINT)
Place of publication, distribution, etc Bangalore. :
Name of publisher, distributor, etc Claretian Publications,
Date of publication, distribution, etc c1998.
300 ## - PHYSICAL DESCRIPTION
Extent viii, 110 p. ;
504 ## - BIBLIOGRAPHY, ETC. NOTE
Bibliography, etc Includes bibliographical references.
630 00 - SUBJECT ADDED ENTRY--UNIFORM TITLE
Uniform title Bible.
Name of part/section of a work Gospels
General subdivision Criticism, interpretation, etc.
9 (RLIN) 22725
650 ## - SUBJECT ADDED ENTRY--TOPICAL TERM
Topical term or geographic name as entry element Church year
9 (RLIN) 10129
906 ## - LOCAL DATA ELEMENT F, LDF (RLIN)
a 7
b cbc
c orignew
d 1
e ocip
f 19
g y-gencatlg
942 ## - ADDED ENTRY ELEMENTS (KOHA)
Source of classification or shelving scheme Library of Congress Classification
Koha item type Monograph ( Printed materials)
Holdings
Withdrawn status Lost status Source of classification or shelving scheme Damaged status Not for loan Collection code Home library Current library Shelving location Date acquired Total Checkouts Full call number Barcode Date last seen Price effective from Koha item type
    Library of Congress Classification     Main Collection ARRUPE LIBRARY ARRUPE LIBRARY Main Collection 03/03/2016   BS2555.52 .B76 1998 46500006295 03/03/2016 03/03/2016 Monograph ( Printed materials)

 

Arrupe Library. PO Box MP320 Mt Pleasant, Harare, Zimbabwe
263 242 745411|librarian@aju.ac.zw